000 00762nam a22002177a 4500
999 _c19916
_d19916
003 AR-CdUCM
008 190307b ||||| |||| 00| 0 spa d
020 _a84-399-0764-8
040 _aMUNICIPALIDAD PROVINCIAL DEL CUSCO
_cBIBLIOTECA MUNICIPAL DEL CUSCO
082 _a869.5603 /
_bR52
100 _aRibeyro, Julio Ramón /
_9546
245 _aLa palabra del mudo :
_bCuentos 52/72 /
260 _aLima :
_bMilla batres,
_c1973.
300 _a291 paginas ;
_c21 cm.
505 _aContenido :Al pie del acantilado -- El chaco -- Fénix -- Te querré eternamente -- La piedra que gira...
650 _aCuentos peruanos
_97
650 _aLiteratura peruana
_9169
650 _aLiteratura del siglo xx
_97647
942 _2ddc
_cLIBROS
945 _aAndy
_d2019-05-23